ISO 14000 (Record no. 41652)

MARC details
000 -LEADER
fixed length control field 00300nam a2200121Ia 4500
082 ## - DEWEY DECIMAL CLASSIFICATION NUMBER
Classification number 504.06
Item number WAT
100 ## - MAIN ENTRY--AUTHOR NAME
Personal name Watson, Philip J
245 #0 - TITLE STATEMENT
Title ISO 14000
260 ## - PUBLICATION, DISTRIBUTION, ETC. (IMPRINT)
Place of publication United Kingdom
Name of publisher IRSG
650 ## - SUBJECT ADDED ENTRY--TOPICAL TERM
Topical Term Environmental management systems
942 ## - ADDED ENTRY ELEMENTS (KOHA)
Koha item type Books
Holdings
Withdrawn status Lost status Damaged status Not for loan Home library Current library Date acquired Cost, normal purchase price Full call number Accession Number Koha item type
        RRII Library RRII Library 16/12/2021 10.00 504.06 WAT 21938 Books